000 00399nam a2200169Ia 4500
008 210210b1940 xxu||||| |||| 00| 0 eng d
041 _aeng
082 _a536/87
100 _aMOLLER (C)
245 _aWorld and the atom
260 _aLondon
_bGeorge Allen & Unwin Ltd
_c1940
650 _aWorld
650 _aatom
690 _aModern Physics
700 _aRASMUSSEN (Ebbe)
906 _a008885
999 _c126712
_d126712